Němčina v cestovním ruchu Odborné texty, obchodní korespodence a cvičení pro posluchače směru Ekonomika služeb a cestovního ruchu
Enregistré dans:
| Collectivité auteur: | |
|---|---|
| Format: | Livre |
| Langue: | tchèque |
| Publié: |
Praha
Státní pedagogické nakladatelství
1989
|
| Édition: | 1. vyd. |
| Tags: |
Pas de tags, Soyez le premier à ajouter un tag!
|
MARC
| LEADER | 00000nam a2200000 4500 | ||
|---|---|---|---|
| 001 | c026307 | ||
| 005 | 20221215120245.7 | ||
| 041 | 0 | |a cze | |
| 044 | |a CZ | ||
| 245 | 1 | 0 | |a Němčina v cestovním ruchu |b Odborné texty, obchodní korespodence a cvičení pro posluchače směru Ekonomika služeb a cestovního ruchu |
| 250 | |a 1. vyd. | ||
| 264 | 1 | |a Praha |b Státní pedagogické nakladatelství |c 1989 | |
| 300 | |a 178 s. | ||
| 710 | 2 | |a Vysoká škola ekonomická v Praze. Obchodní fakulta | |